| 000 | 00801nam a22002417a 4500 | ||
|---|---|---|---|
| 005 | 20110922140130.0 | ||
| 008 | 110922t xxu||||| |||| 00| 0 eng d | ||
| 010 | _aENG-103854 | ||
| 020 |
_c300.00 _a9788189621186 |
||
| 035 | _aEN-87387 | ||
| 037 | _bDBAD/PUB | ||
| 040 |
_aDPL _bEng |
||
| 082 | _a881 | ||
| 100 |
_934730 _aChattarji, Sampurna |
||
| 245 |
_aAbsent muses / _cby Sampurna Chattarji |
||
| 260 |
_aMumbai _bPoetrywala _c2010 |
||
| 270 |
_a1701/1702, 6A-Whispering Palms, Lokhandwala Township, Kandivali (E) _bMumbai _e400101 |
||
| 300 |
_a106p. _c24cm (pbk) |
||
| 650 | _934754 | ||
| 700 |
_934731 _aSripada, Swatee |
||
| 942 |
_2ddc _cEN _mCHA _h881 |
||
| 999 |
_c56864 _d56864 |
||